| 000 | 00955nam a2200265 a 4500 | ||
|---|---|---|---|
| 001 | BRCA_6468 | ||
| 005 | 20190320205451.0 | ||
| 008 | 240911m19411945nyu#######---#000-0#eng-# | ||
| 041 | _aeng | ||
| 044 | _anyu | ||
| 050 | 4 |
_aN620.H5 _b.N68 2 1941 |
|
| 245 | 1 | 0 | _aNotes Hispanic. |
| 260 |
_aNueva York _bOrder of the Trustees _c1941-1945 |
||
| 300 |
_a5 v. _bil. _c23 cm. |
||
| 440 | 0 |
_aNotes Hispanic _v1-5 _916148 |
|
| 500 | _aNotes Hispanic es una publicación anual dedicada al arte y la artesanía de España y Portugal, que es preparado por el personal y los miembros de la Hispanic Society of America | ||
| 500 | _aVer también M69 | ||
| 500 | _aM78 | ||
| 504 | _aIncluye referencias bibliográficas | ||
| 505 | 0 | _aContenido: v.1. 1941. -- v.2. 1942. -- v.3. 1943. -- v.4. 1944. -- v.5. 1945 | |
| 610 | 2 | 4 |
_aHispanic Society of America _916149 |
| 650 | 1 | 4 |
_aArte español _vPublicaciones periódicas _916150 |
| 902 | _aGFM | ||
| 942 |
_2lcc _cB |
||
| 999 |
_c6152 _d6152 |
||